000 01187nam a22002415i 4500
001 156300
003 ES-MaACL
005 20230906210356.0
008 040730m18111821gw a |||| | grc d
040 _aCAM
_bspa
_cCAM
100 0 _aJenofonte.
_966312
245 1 0 _aXenophontis Opera
_b: ad optimorum librorum fidem accurate edita.
250 _aEd. stereotypa.
260 _aLipsiae :
_bex officina Car. Tauchnitii,
_c1811-1821.
300 _a6 v. ;
_c13 cm.
505 8 _aContiene: T.I: Cyropaediam - T.II (1811): Vita Xenophontis e Diogene Laertio - T.III: Anabasis - T.IV (1811) - T.V (1819): Oeconomicus, Apologia Socratis, Convivim, Hiero, Agesilaus - T.VI (1821): Opuscula politica equestria et venatica continens
594 _aEn la port. de los t.II y IV consta: "... ad optimorum librorum fidem edidit Godofredus Henricus Schaefer"
597 _aT.I (382 p., [1] h. de lám.) - T.II (176 p.) - T.III (288 p.) - T.IV (339 p.) - T.V (208 p.) - T.VI (158 p.)
597 _aCada vol. con portadas en latín y griego.
700 1 1 _aTauchnitz, Karl,
_eed.
_9133145
752 _aAlemania -
_dLeipzig
852 _aES-MaACL
_jD-4017-4020
_z-- Enc. hol.
_z-- 6 t. en 4 v.
999 _c156300
_d156300